000
00313nam a2200133Ia 4500
008
240624s9999 xx 000 0 und d
041
_a
eng
082
_a
330 SAM
100
_a
SAMUELSON PAUL A
245
_a
ECONOMICS
250
_a
(17th ed.)
260
_c
1981
_a
New Delhi
_b
Tata McGrawhill
300
_a
xxiv, : 792
999
_c
4879
_d
4879